| 000 | 00780nam a22001697a 4500 | ||
|---|---|---|---|
| 003 | NUST | ||
| 005 | 20230215133643.0 | ||
| 020 | _a9783030643591 | ||
| 082 | _a005.824,GRA | ||
| 100 |
_aGrasselli, Federico _9109056 |
||
| 245 |
_aQuantum cryptography : _bfrom key distribution to conference key agreement / _cFederico Grasselli |
||
| 260 |
_aSpring _bUK _c2021 |
||
| 300 | _a219 p | ||
| 505 | _aIntroduction (Page-), Elements of Quantum Information Theory (Page-), Introducing Quantum Key Distribution (Page-), Quantum Conference Key Agreement (Page-), Quantum Key Distribution with Imperfect Devices (Page-), Beyond Point-to-Point Quantum Key Distribution (Page-), Device-Independent Quantum Cryptography (Page-), | ||
| 650 |
_aQuantum cryptography _9109094 |
||
| 942 |
_2ddc _cREF |
||
| 999 |
_c593274 _d593274 |
||